Начальные основания алгебры

Detaylı Bibliyografya
Yazar: Симашко Ф. Франц
Özet:Сост. и загл. указаны на корешке
Dil:Rusça
Baskı/Yayın Bilgisi: С.-Петербург, Типография В. Безобразова и Комп., 1866
Edisyon:3-е изд., испр. и доп.
Konular:
Materyal Türü: Kitap
KOHA link:https://koha.lib.tpu.ru/cgi-bin/koha/opac-detail.pl?biblionumber=263780

MARC

LEADER 00000nam0a2200000 4500
001 263780
005 20231031222536.0
035 |a (RuTPU)RU\TPU\book\286769 
090 |a 263780 
100 |a 20140611d1866 m y0rusy50 ca 
101 0 |a rus 
102 |a RU 
105 |a y z 001zy 
200 1 |a Начальные основания алгебры  |f Ф. Симашко 
205 |a 3-е изд., испр. и доп. 
210 |a С.-Петербург  |c Типография В. Безобразова и Комп.  |d 1866 
215 |a II, 427 с. 
300 |a Сост. и загл. указаны на корешке 
316 |5 63413507: 84//611  |a На корешке: "2. М, П.", на стр. 1 печать Московской 2-й прогимназии. 
320 |a Постраничные примечания. 
610 1 |a математика 
610 1 |a алгебра 
610 1 |a владельческие знаки 
610 1 |a учебные пособия 
610 1 |a коллекция русских учебников 
675 |a 512(075.8)  |v 3 
700 1 |a Симашко  |b Ф.  |g Франц 
801 1 |a RU  |b 63413507  |c 20140611 
801 2 |a RU  |b 63413507  |c 20150707  |g RCR 
942 |c BK